000 006860000a22002050004500
090 _aAR
_b03884
245 1 0 _aEnvironmental exposure, horizontal transfer and selection of transgenes in bacterial populations
300 _a145-158
500 _a<Colección Recursos Genéticos>
650 1 4 _aControl biológico
_992696
650 1 4 _aBacterias
_993201
650 1 4 _aBiología evolutiva
_996124
650 1 4 _aRiesgo ambiental
_913332
041 0 _aInglés
700 1 _aTownsend, Jeffrey P.
_997706
100 1 _aNielsen, Kaare M.
_997707
260 _as.l.
_bIOS Press
_c2001
942 _cARTICULO
773 1 _tIn Vurro, M. et al. eds./ Enhancing biocontrol agents and handling risks
999 _c12919
_d12919